000 00381nam a2200145Ia 4500
005 20251222153556.0
008 251222s9999||||xx |||||||||||||| ||spa||
020 _a8486917506
082 _a610/F43
100 _aFerrando, J.
245 0 _aEnfermedades del Estómago y Duodeno en Imágenes
250 _a1ra.ed.
264 _bEditorial Médica Internacional, S.A.
942 _cLIB
999 _c31055
_d31055